[Event "HUN-chT2 Charousek 1819"]
[Site "Hungary"]
[Date "2019.04.28"]
[Round "11.8"]
[White "Nagy, Kristof"]
[Black "Papp, Nandor"]
[Result "1-0"]
[WhiteElo "2144"]
[BlackElo "2066"]
[PlyCount "91"]
[EventDate "2018.09.23"]
[EventType "team-tourn"]
[EventRounds "11"]
[EventCountry "HUN"]
[SourceTitle "EXT 2021"]
[Source "ChessBase"]
[SourceDate "2020.10.23"]
[SourceVersion "1"]
[SourceVersionDate "2020.10.23"]
[SourceQuality "1"]
[WhiteTeam "Szentgotthard Alsoszolnok"]
[BlackTeam "Aquaprofit Nagykanizsa II"]
[WhiteTeamCountry "HUN"]
[BlackTeamCountry "HUN"]

1. e4 d6 2. Nf3 g6 3. d3 Bg7 4. Be2 Nf6 5. 0-0 0-0 6. h3 c5 7. c3 Nc6 8. Nbd2 Nh5 9. Re1 Nf4 10. Bf1 e5 11. Nc4 Ne6 12. Ne3 Ne7 13. a3 f5 14. b4 b6 15. Bb2 Kh8 16. Qc2 Bb7 17. Rad1 Nf4 18. Nd2 Rc8 19. g3 Nh5 20. Bg2 f4 21. Nef1 g5 22. g4 Nf6 23. f3 Ng6 24. Nb3 Qe7 25. Qf2 Nh4 26. Nfd2 d5 27. Bf1 cxb4 28. axb4 Rcd8 29. Ra1 Bc8 30. Ba3 Rf7 31. c4 dxc4 32. dxc4 Qc7 33. c5 Be6 34. cxb6 axb6 35. Rec1 Qb8 36. Rc6 Bxb3 37. Nxb3 Rc7 38. b5 Ra7 39. Be2 Nd7 40. Be7 Rxa1+ 41. Nxa1 Re8 42. Bxg5 Ng6 43. Rxg6 hxg6 44. Qh4+ Kg8 45. Bc4+ Kf8 46. Qh7 1-0

[Event "HUN-chT2 Charousek 1718"]
[Site "Hungary"]
[Date "2017.11.26"]
[Round "2.10"]
[White "Papp, Nandor"]
[Black "Lantos, Levente"]
[Result "1-0"]
[WhiteElo "2098"]
[BlackElo "2101"]
[PlyCount "81"]
[EventDate "2017.10.29"]
[EventType "team-tourn"]
[EventRounds "9"]
[EventCountry "HUN"]
[SourceTitle "EXT 2020"]
[Source "ChessBase"]
[SourceDate "2019.10.17"]
[SourceVersion "1"]
[SourceVersionDate "2019.10.17"]
[SourceQuality "1"]
[WhiteTeam "Aquaprofit Nagykanizsa II"]
[BlackTeam "Komlo Banyasz"]
[WhiteTeamCountry "HUN"]
[BlackTeamCountry "HUN"]

1. Nf3 Nf6 2. c4 g6 3. d4 Bg7 4. Nc3 d6 5. e4 0-0 6. h3 e5 7. d5 c5 8. Be3 Na6 9. Qd2 Bd7 10. Rc1 Nc7 11. Bd3 a6 12. a4 Rb8 13. Qe2 b5 14. axb5 axb5 15. cxb5 Qe8 16. Nd2 Nxb5 17. Nxb5 Bxb5 18. b3 Bxd3 19. Qxd3 Qb5 20. Ke2 Qxd3+ 21. Kxd3 Rb4 22. Rc4 Rb7 23. Ra4 Rfb8 24. Rha1 Kf8 25. Ra8 Rxa8 26. Rxa8+ Ke7 27. Bg5 Kd7 28. f3 h6 29. Bxf6 Bxf6 30. Kc3 Bd8 31. Nc4 Bc7 32. g4 Rb8 33. Rxb8 Bxb8 34. b4 cxb4+ 35. Kxb4 Ba7 36. Kb5 Bc5 37. Nxe5+ Ke7 38. Nd3 Ba3 39. Ka4 Bc5 40. Nxc5 dxc5 41. e5 1-0

[Event "HUN-chT2 Charousek 1516"]
[Site "Hungary"]
[Date "2016.03.20"]
[Round "7.12"]
[White "Papp, Nandor"]
[Black "Gombos, Bettina"]
[Result "1-0"]
[WhiteElo "2089"]
[BlackElo "1901"]
[PlyCount "97"]
[EventDate "2015.10.18"]
[EventType "team-tourn"]
[EventRounds "9"]
[EventCountry "HUN"]
[SourceTitle "EXT 2017"]
[Source "ChessBase"]
[SourceDate "2016.10.25"]
[SourceVersion "1"]
[SourceVersionDate "2016.10.25"]
[SourceQuality "1"]
[WhiteTeam "Aquaprofit II"]
[BlackTeam "Haladas II"]
[WhiteTeamCountry "HUN"]
[BlackTeamCountry "HUN"]

1. Nf3 Nf6 2. c4 e6 3. Nc3 c5 4. g3 b6 5. Bg2 Bb7 6. 0-0 Be7 7. d4 cxd4 8. Qxd4 d6 9. b3 a6 10. Ba3 Nc6 11. Qd2 Qc7 12. Rac1 Ne5 13. Nxe5 dxe5 14. Bxe7 Bxg2 15. Kxg2 Kxe7 16. Na4 Qc6+ 17. Kg1 Rhb8 18. Rfd1 Ne4 19. Qe3 f6 20. Qf3 f5 21. Nc3 Rd8 22. Nxe4 Qxe4 23. Qxe4 fxe4 24. Kf1 Rd4 25. Ke1 Rad8 26. a3 Kd6 27. f4 exf3 28. exf3 Kc6 29. Rxd4 Rxd4 30. Rc3 a5 31. Ke2 g5 32. h3 Kc5 33. Re3 Kd6 34. Re4 b5 35. cxb5 h5 36. Rxd4+ exd4 37. h4 gxh4 38. gxh4 e5 39. Kd3 Kc5 40. b6 Kxb6 41. f4 Kc5 42. fxe5 Kd5 43. e6 Kxe6 44. Kxd4 Kf5 45. b4 axb4 46. axb4 Kg4 47. b5 Kxh4 48. b6 Kg4 49. b7 1-0

[Event "HUN-chT2 Charousek 1415"]
[Site "Hungary"]
[Date "2014.12.14"]
[Round "4"]
[White "Papp, Nandor"]
[Black "Hitter, Gabriela"]
[Result "0-1"]
[WhiteElo "2130"]
[BlackElo "2054"]
[PlyCount "74"]
[EventDate "2014.10.12"]
[EventType "team-tourn"]
[EventRounds "9"]
[EventCountry "HUN"]
[SourceTitle "EXT 2016"]
[Source "ChessBase"]
[SourceDate "2015.10.08"]
[SourceVersion "1"]
[SourceVersionDate "2015.10.08"]
[SourceQuality "1"]
[WhiteTeam "Aquaprofit II"]
[BlackTeam "SZASTE"]
[WhiteTeamCountry "HUN"]
[BlackTeamCountry "HUN"]

1. Nf3 d5 2. d4 c6 3. e3 Nf6 4. c4 e6 5. Nc3 Nbd7 6. Bd3 Bd6 7. 0-0 dxc4 8. Bxc4 b5 9. Bd3 Bb7 10. e4 e5 11. dxe5 Nxe5 12. Nxe5 Bxe5 13. Be3 0-0 14. Qe2 Re8 15. Rad1 Qc7 16. h3 a6 17. Qc2 c5 18. Nd5 Bxd5 19. exd5 c4 20. Be2 Rad8 21. Bf3 Re7 22. Rd2 Qa5 23. Qb1 b4 24. Rfd1 Red7 25. Bd4 Bxd4 26. Rxd4 Qc5 27. Qc2 c3 28. bxc3 bxc3 29. R1d3 Rc8 30. g3 g6 31. a4 Rb7 32. Rd1 Rb2 33. Qc1 Rcb8 34. Qf4 c2 35. Qxf6 Rb1 36. Kg2 Rxd1 37. Rxd1 Rb1 0-1

[Event "HUN-chT2 Charousek 1415"]
[Site "Hungary"]
[Date "2014.11.30"]
[Round "3"]
[White "Papp, Nandor"]
[Black "Nagy, Zoltan"]
[Result "1/2-1/2"]
[WhiteElo "2130"]
[BlackElo "2121"]
[PlyCount "75"]
[EventDate "2014.10.12"]
[EventType "team-tourn"]
[EventRounds "9"]
[EventCountry "HUN"]
[SourceTitle "EXT 2016"]
[Source "ChessBase"]
[SourceDate "2015.10.08"]
[SourceVersion "1"]
[SourceVersionDate "2015.10.08"]
[SourceQuality "1"]
[WhiteTeam "Aquaprofit II"]
[BlackTeam "Tapolca"]
[WhiteTeamCountry "HUN"]
[BlackTeamCountry "HUN"]

1. c4 e5 2. e4 c5 3. Nc3 Nc6 4. g3 g6 5. Bg2 Bg7 6. d3 d6 7. Nge2 Nge7 8. 0-0 0-0 9. Be3 f5 10. Qd2 fxe4 11. dxe4 Nd4 12. f3 Be6 13. b3 Nec6 14. Nd5 Qd7 15. Rab1 Nxe2+ 16. Qxe2 Nd4 17. Qd3 Rf7 18. f4 Raf8 19. fxe5 Bxe5 20. Rxf7 Rxf7 21. Bf4 b6 22. Bxe5 dxe5 23. Rf1 Kg7 24. Rxf7+ Qxf7 25. Qe3 h6 26. h3 g5 27. Qf2 Qxf2+ 28. Kxf2 Kf7 29. Nc3 Ke7 30. Ke3 Kd6 31. Bf1 Nc2+ 32. Kd2 Nd4 33. Nb5+ Nxb5 34. cxb5 c4 35. bxc4 Kc5 36. Kc3 Bf7 37. h4 g4 38. Be2 1/2-1/2

[Event "HUN-chT2 Charousek 1213"]
[Site "Hungary"]
[Date "2013.01.27"]
[Round "6"]
[White "Kincs, Imre"]
[Black "Papp, Nandor"]
[Result "1-0"]
[WhiteElo "2167"]
[BlackElo "2120"]
[PlyCount "123"]
[EventDate "2012.09.16"]
[EventType "team-tourn"]
[EventRounds "11"]
[EventCountry "HUN"]
[SourceTitle "EXT 2014"]
[Source "ChessBase"]
[SourceDate "2013.11.20"]
[SourceVersion "1"]
[SourceVersionDate "2013.11.20"]
[SourceQuality "1"]
[WhiteTeam "Penzugyor II"]
[BlackTeam "Aquaprofit II"]
[WhiteTeamCountry "HUN"]
[BlackTeamCountry "HUN"]

1. d4 f5 2. g3 Nf6 3. Bg2 d5 4. h4 g6 5. Nh3 Bg7 6. Nf4 0-0 7. c4 e6 8. Nc3 c6 9. cxd5 exd5 10. h5 g5 11. h6 Bh8 12. Nh3 g4 13. Nf4 Qe8 14. Qb3 Rf7 15. Be3 Nbd7 16. 0-0-0 Nb6 17. Kb1 Nc4 18. Bc1 Ne4 19. Bxe4 fxe4 20. Rh5 Kf8 21. Qb4+ Qe7 22. Qxe7+ Kxe7 23. b3 Nd6 24. Ba3 Rf5 25. Rh4 Rg5 26. e3 Bf5 27. Nfxd5+ cxd5 28. Nb5 Rd8 29. Rc1 a6 30. Nxd6 Rxd6 31. Rc7+ Ke6 32. Bxd6 Kxd6 33. Rxb7 Bxd4 34. Kc1 Kc6 35. Rf7 Be5 36. Kd2 d4 37. Rh1 Bg6 38. Rc1+ Kb6 39. Re7 Bd6 40. Re6 Rd5 41. exd4 Rxd4+ 42. Ke2 Kb5 43. Rf6 Rd5 44. Rc8 Be5 45. Rxg6 hxg6 46. h7 Rc5 47. Rb8+ Kc6 48. Ke3 Kc7 49. h8Q Bxh8 50. Rxh8 Rc2 51. Rh4 Rxa2 52. Rxg4 Rb2 53. Rxg6 Rxb3+ 54. Kxe4 a5 55. Ra6 Rb5 56. f4 Kb7 57. Rd6 a4 58. Rd3 Kc6 59. f5 Rb1 60. g4 Kc5 61. f6 Kc4 62. f7 1-0

[Event "HUN-chT2 Charousek 1112"]
[Site "Hungary"]
[Date "2012.03.25"]
[Round "8"]
[White "Papp, Nandor"]
[Black "Szabo, Kristof"]
[Result "1/2-1/2"]
[WhiteElo "2141"]
[BlackElo "2010"]
[PlyCount "42"]
[EventDate "2011.09.25"]
[EventType "team-tourn"]
[EventRounds "11"]
[EventCountry "HUN"]
[SourceTitle "EXT 2013"]
[Source "ChessBase"]
[SourceDate "2012.11.22"]
[SourceVersion "1"]
[SourceVersionDate "2012.11.22"]
[SourceQuality "1"]
[WhiteTeam "Aquaprofit II"]
[BlackTeam "Fehervar"]
[WhiteTeamCountry "HUN"]
[BlackTeamCountry "HUN"]

1. c4 Nf6 2. Nc3 Nc6 3. g3 e5 4. Bg2 Bc5 5. e3 0-0 6. Nge2 d6 7. 0-0 Nh5 8. d4 Bb4 9. a3 Bxc3 10. Nxc3 g6 11. b4 f5 12. dxe5 Nxe5 13. f4 Ng4 14. Qb3 Re8 15. e4 Qf6 16. Rd1 g5 17. fxg5 Qe5 18. h3 Nxg3 19. hxg4 Qxc3 20. Qxc3 Ne2+ 21. Kf1 Nxc3 1/2-1/2

[Event "HUN-chT2 Charousek 1112"]
[Site "Hungary"]
[Date "2012.01.29"]
[Round "5"]
[White "Berta, Tibor"]
[Black "Papp, Nandor"]
[Result "1/2-1/2"]
[WhiteElo "2053"]
[BlackElo "2141"]
[PlyCount "77"]
[EventDate "2011.09.25"]
[EventType "team-tourn"]
[EventRounds "11"]
[EventCountry "HUN"]
[SourceTitle "EXT 2013"]
[Source "ChessBase"]
[SourceDate "2012.11.22"]
[SourceVersion "1"]
[SourceVersionDate "2012.11.22"]
[SourceQuality "1"]
[WhiteTeam "Paks II"]
[BlackTeam "Aquaprofit II"]
[WhiteTeamCountry "HUN"]
[BlackTeamCountry "HUN"]

1. d4 f5 2. Nf3 Nf6 3. g3 e6 4. Bg2 d5 5. 0-0 Be7 6. b3 0-0 7. Bb2 c6 8. c4 Ne4 9. Nbd2 Nd7 10. Ne5 Nxe5 11. dxe5 Nxd2 12. Qxd2 dxc4 13. Qc3 cxb3 14. axb3 Qb6 15. e3 Bb4 16. Qc4 Qc5 17. Qe2 Qe7 18. Rfd1 Rd8 19. Qc4 a5 20. h4 Bd7 21. e4 fxe4 22. Bxe4 Be8 23. Rd3 g6 24. Rad1 Rxd3 25. Qxd3 Bc5 26. Bc1 Qf7 27. Qc2 Be7 28. Be3 Rd8 29. Bb6 Rxd1+ 30. Qxd1 Bb4 31. Qd8 Bc3 32. f4 Qd7 33. Bxa5 Bxa5 34. Qxa5 Qd4+ 35. Kh2 Qxe4 36. Qd8 Qc2+ 37. Kh1 Qe4+ 38. Kh2 Qc2+ 39. Kh1 1/2-1/2

[Event "HUN-chT2 Charousek 1112"]
[Site "Hungary"]
[Date "2011.11.13"]
[Round "3"]
[White "Papp, Nandor"]
[Black "Bednay, Bence"]
[Result "0-1"]
[WhiteElo "2141"]
[BlackElo "2256"]
[PlyCount "102"]
[EventDate "2011.09.25"]
[EventType "team-tourn"]
[EventRounds "11"]
[EventCountry "HUN"]
[SourceTitle "EXT 2013"]
[Source "ChessBase"]
[SourceDate "2012.11.22"]
[SourceVersion "1"]
[SourceVersionDate "2012.11.22"]
[SourceQuality "1"]
[WhiteTeam "Aquaprofit II"]
[BlackTeam "BEAC"]
[WhiteTeamCountry "HUN"]
[BlackTeamCountry "HUN"]

1. c4 g6 2. g3 Bg7 3. Bg2 Nf6 4. Nc3 0-0 5. d4 c5 6. Nf3 cxd4 7. Nxd4 Nc6 8. 0-0 Qb6 9. Nb3 Qb4 10. Nd2 d6 11. a3 Qb6 12. Rb1 Bf5 13. e4 Bg4 14. Qb3 Qxb3 15. Nxb3 Nd7 16. f3 Bxc3 17. bxc3 Be6 18. Nd2 Na5 19. f4 Rac8 20. f5 Bxc4 21. Nxc4 Rxc4 22. Bg5 Re8 23. fxg6 hxg6 24. e5 Nxe5 25. Be3 Rxc3 26. Bxa7 Rxa3 27. Bxb7 Nac4 28. Ra1 Rxa1 29. Rxa1 e6 30. Bd4 d5 31. Kg2 Rb8 32. Ra7 Rd8 33. h3 Rd7 34. Ra8+ Kg7 35. Ba6 f6 36. Re8 Kf7 37. Rh8 Nd6 38. g4 Kg7 39. Ra8 Nef7 40. h4 e5 41. Bb6 d4 42. Kf3 f5 43. g5 Ne4 44. Bd3 Nexg5+ 45. hxg5 e4+ 46. Ke2 exd3+ 47. Kxd3 Ne5+ 48. Ke2 d3+ 49. Kd1 Nc4 50. Bd8 d2 51. Bf6+ Kf7 0-1

[Event "HUN-chT2 Charousek 1011"]
[Site "Hungary"]
[Date "2010.10.24"]
[Round "4"]
[White "Papp, Nandor"]
[Black "Markhot, Zsuzsa"]
[Result "1/2-1/2"]
[WhiteElo "2156"]
[BlackElo "1967"]
[PlyCount "95"]
[EventDate "2010.09.12"]
[EventType "team-tourn"]
[EventRounds "11"]
[EventCountry "HUN"]
[SourceTitle "EXT 2012"]
[Source "ChessBase"]
[SourceDate "2011.11.24"]
[SourceVersion "1"]
[SourceVersionDate "2011.11.24"]
[SourceQuality "1"]
[WhiteTeam "Aquaprofit II"]
[BlackTeam "Husi"]
[WhiteTeamCountry "HUN"]
[BlackTeamCountry "HUN"]

1. c4 g6 2. Nc3 Bg7 3. g3 Nf6 4. Bg2 0-0 5. d4 d6 6. e4 Nbd7 7. Nge2 e5 8. 0-0 c6 9. b3 Qc7 10. d5 c5 11. h3 Re8 12. Be3 Nf8 13. Qd2 Bd7 14. Rac1 Qc8 15. Kh2 h5 16. f4 N6h7 17. Ng1 f5 18. exf5 Bxf5 19. fxe5 Bxe5 20. Nf3 Nd7 21. Nh4 Rf8 22. Nxf5 gxf5 23. Bf4 Qe8 24. Nb5 Qg6 25. Nc7 Rac8 26. Ne6 Rf7 27. b4 b6 28. bxc5 bxc5 29. Qa5 Nhf8 30. Qxa7 Nf6 31. Qa6 Re8 32. Ng5 Rg7 33. Qa3 N6h7 34. h4 Nxg5 35. Bxg5 Nh7 36. Bf4 Nf6 37. Bxe5 Rxe5 38. Rc3 Ng4+ 39. Kg1 Rge7 40. Bh3 Re2 41. Rcf3 Qg7 42. Bxg4 fxg4 43. Rd3 Qe5 44. Qa8+ Re8 45. Qb7 Re7 46. Qc8+ Re8 47. Qb7 Re7 48. Qc8+ 1/2-1/2

[Event "HUN-chT2 Charousek 0910"]
[Site "Hungary"]
[Date "2010.04.11"]
[Round "9"]
[White "Gadacsi, Miklos Jr"]
[Black "Papp, Nandor"]
[Result "1/2-1/2"]
[WhiteElo "2145"]
[BlackElo "2160"]
[PlyCount "46"]
[EventDate "2009.11.08"]
[EventType "team-tourn"]
[EventRounds "11"]
[EventCountry "HUN"]
[SourceTitle "EXT 2011"]
[Source "ChessBase"]
[SourceDate "2010.11.26"]
[SourceVersion "1"]
[SourceVersionDate "2010.11.26"]
[SourceQuality "1"]
[WhiteTeam "Tapolca"]
[BlackTeam "Aquaprofit II"]
[WhiteTeamCountry "HUN"]
[BlackTeamCountry "HUN"]

1. e4 Nf6 2. e5 Nd5 3. d4 d6 4. Nf3 Bg4 5. Be2 e6 6. 0-0 Be7 7. h3 Bh5 8. c4 Nb6 9. Nc3 0-0 10. Be3 Nc6 11. exd6 cxd6 12. b3 d5 13. c5 Nd7 14. b4 Nxb4 15. Rb1 Nc6 16. Rxb7 Na5 17. Rb5 a6 18. Rb4 Nc6 19. Rb7 Na5 20. Rb4 Nc6 21. Rb7 Na5 22. Rb4 Nc6 23. Rb7 Na5 1/2-1/2

[Event "HUN-chT2 Charousek 0910"]
[Site "Hungary"]
[Date "2010.02.27"]
[Round "5"]
[White "Papp, Nandor"]
[Black "Szijjarto, Laszlo"]
[Result "1-0"]
[WhiteElo "2160"]
[BlackElo "1970"]
[PlyCount "101"]
[EventDate "2009.11.08"]
[EventType "team-tourn"]
[EventRounds "11"]
[EventCountry "HUN"]
[SourceTitle "EXT 2011"]
[Source "ChessBase"]
[SourceDate "2010.11.26"]
[SourceVersion "1"]
[SourceVersionDate "2010.11.26"]
[SourceQuality "1"]
[WhiteTeam "Aquaprofit II"]
[BlackTeam "Paks II"]
[WhiteTeamCountry "HUN"]
[BlackTeamCountry "HUN"]

1. c4 e5 2. Nc3 Nf6 3. Nf3 Nc6 4. g3 d6 5. Bg2 Be6 6. b3 Qd7 7. 0-0 Bh3 8. d4 Bxg2 9. Kxg2 0-0-0 10. d5 Ne7 11. e4 h5 12. h3 Nh7 13. Be3 Kb8 14. c5 f6 15. b4 g5 16. Nh2 h4 17. g4 Nc8 18. a4 Be7 19. Nf3 Nf8 20. Ne1 Ng6 21. Nd3 Nf4+ 22. Kh2 c6 23. Bxf4 exf4 24. f3 dxc5 25. bxc5 cxd5 26. Nxd5 Qc6 27. Rc1 Rxd5 28. exd5 Qxd5 29. Nb4 Qe6 30. Re1 Qf7 31. Qd5 Qh7 32. Qe4 Qf7 33. Nd5 Rd8 34. Red1 Re8 35. Qc4 Qe6 36. Re1 Qc6 37. Re4 Rd8 38. Nxe7 Nxe7 39. Qe6 Nd5 40. Qxc6 bxc6 41. Re6 Kc7 42. Rb1 a5 43. Kg1 Rf8 44. Kf2 Kd7 45. Rd6+ Kc7 46. Re1 Rb8 47. Ree6 Rb2+ 48. Ke1 Nb4 49. Re7+ Kc8 50. Rxf6 Kd8 51. Ra7 1-0

[Event "HUN-chT2 Charousek 0809"]
[Site "Hungary"]
[Date "2009.04.19"]
[Round "11"]
[White "Posa, Norbert"]
[Black "Papp, Nandor"]
[Result "0-1"]
[WhiteElo "2151"]
[BlackElo "2164"]
[PlyCount "64"]
[EventDate "2008.10.26"]
[EventType "team-tourn"]
[EventRounds "11"]
[EventCountry "HUN"]
[SourceTitle "EXT 2010"]
[Source "ChessBase"]
[SourceDate "2010.11.25"]
[SourceVersion "1"]
[SourceVersionDate "2010.11.25"]
[SourceQuality "1"]
[WhiteTeam "Hobagoly"]
[BlackTeam "Aquaprofit II"]
[WhiteTeamCountry "HUN"]
[BlackTeamCountry "HUN"]

1. d4 Nf6 2. Bf4 e6 3. e3 b6 4. Nf3 Bb7 5. Bd3 d6 6. 0-0 Nbd7 7. Nbd2 Be7 8. h3 0-0 9. e4 c5 10. c3 d5 11. e5 Ne4 12. Re1 cxd4 13. cxd4 f5 14. exf6 Ndxf6 15. Ng5 Qd7 16. Ndf3 Nxg5 17. Ne5 Nxh3+ 18. gxh3 Qe8 19. Bg5 Ne4 20. f4 Bxg5 21. fxg5 Nf2 22. Qb1 Nxh3+ 23. Kg2 Nf4+ 24. Kg3 Qh5 25. Bxh7+ Qxh7 26. Qxh7+ Kxh7 27. Rh1+ Kg8 28. Rh4 Ne2+ 29. Kg2 Rf4 30. Rh2 Raf8 31. Nd3 Rg4+ 32. Kh3 Rg3+ 0-1

[Event "HUN-chT2 Charousek 0809"]
[Site "Hungary"]
[Date "2009.02.22"]
[Round "8"]
[White "Papp, Nandor"]
[Black "Toth, Attila"]
[Result "1/2-1/2"]
[WhiteElo "2164"]
[BlackElo "1912"]
[PlyCount "40"]
[EventDate "2008.10.26"]
[EventType "team-tourn"]
[EventRounds "11"]
[EventCountry "HUN"]
[SourceTitle "EXT 2010"]
[Source "ChessBase"]
[SourceDate "2010.11.25"]
[SourceVersion "1"]
[SourceVersionDate "2010.11.25"]
[SourceQuality "1"]
[WhiteTeam "Aquaprofit II"]
[BlackTeam "Haladas II"]
[WhiteTeamCountry "HUN"]
[BlackTeamCountry "HUN"]

1. c4 c5 2. Nc3 Nc6 3. g3 b6 4. Bg2 Bb7 5. Nf3 g6 6. 0-0 Bg7 7. Rb1 Nf6 8. b3 0-0 9. Bb2 e6 10. d4 Nxd4 11. Nxd4 Bxg2 12. Nxe6 dxe6 13. Kxg2 Qxd1 14. Rfxd1 Rfd8 15. f3 Ne8 16. Kf2 Kf8 17. e4 Ke7 18. Ke2 Nc7 19. f4 Rxd1 20. Rxd1 Bd4 1/2-1/2

[Event "HUN-chT2 Charousek 0809"]
[Site "Hungary"]
[Date "2009.01.25"]
[Round "6"]
[White "Papp, Nandor"]
[Black "Toth, Gergely"]
[Result "0-1"]
[WhiteElo "2164"]
[BlackElo "2071"]
[PlyCount "116"]
[EventDate "2008.10.26"]
[EventType "team-tourn"]
[EventRounds "11"]
[EventCountry "HUN"]
[SourceTitle "EXT 2010"]
[Source "ChessBase"]
[SourceDate "2010.11.25"]
[SourceVersion "1"]
[SourceVersionDate "2010.11.25"]
[SourceQuality "1"]
[WhiteTeam "Aquaprofit II"]
[BlackTeam "Paks II"]
[WhiteTeamCountry "HUN"]
[BlackTeamCountry "HUN"]

1. c4 Nf6 2. Nc3 e6 3. Nf3 Bb4 4. g3 b6 5. Bg2 Bb7 6. 0-0 0-0 7. Qc2 c5 8. b3 d5 9. cxd5 exd5 10. d4 Nbd7 11. Bb2 Re8 12. e3 Qc7 13. Rac1 Rac8 14. Qf5 Bxc3 15. Rxc3 Ba6 16. Re1 g6 17. Qb1 Ne4 18. Rcc1 c4 19. Ne5 Ndf6 20. bxc4 Bxc4 21. Bh3 Rcd8 22. Nxc4 dxc4 23. Qc2 b5 24. f3 Ng5 25. Bg2 Rc8 26. e4 b4 27. Qd2 Qa5 28. e5 c3 29. Bxc3 bxc3 30. Qxg5 Nd5 31. Bh3 Rb8 32. Re2 Rb2 33. Rce1 Qxa2 34. Bf1 Nb4 35. e6 fxe6 36. Qc5 c2 37. Rxe6 Rxe6 38. Bc4 c1Q 39. Bxe6+ Qxe6 40. Qxc1 Re2 41. Rxe2 Qxe2 42. Qc8+ Kf7 43. Qc7+ Qe7 44. Qc4+ Kg7 45. Kf2 a5 46. Qb5 Qc7 47. h4 Qc2+ 48. Ke3 Qb3+ 49. Ke2 Qc2+ 50. Ke3 Qc1+ 51. Ke2 Nc2 52. Qe5+ Kh6 53. Kd3 Qd1+ 54. Kc3 Qxd4+ 55. Qxd4 Nxd4 56. Kxd4 Kg7 57. g4 Kf6 58. f4 h5 0-1

[Event "HUN-chT2 Charousek 0708"]
[Site "Hungary"]
[Date "2008.04.27"]
[Round "10"]
[White "Papp, Nandor"]
[Black "Szerenyi, Bence"]
[Result "1-0"]
[WhiteElo "2143"]
[BlackElo "1880"]
[PlyCount "85"]
[EventDate "2007.10.14"]
[EventType "team"]
[EventRounds "11"]
[EventCountry "HUN"]
[SourceTitle "EXT 2009"]
[Source "ChessBase"]
[SourceDate "2008.11.26"]
[SourceVersion "1"]
[SourceVersionDate "2008.11.26"]
[SourceQuality "1"]
[WhiteTeam "Nagykanizsa II"]
[BlackTeam "Vizugy"]
[WhiteTeamCountry "HUN"]
[BlackTeamCountry "HUN"]

1. c4 Nf6 2. Nc3 e6 3. g3 d5 4. d4 Be7 5. Bg2 c6 6. Nf3 0-0 7. 0-0 Nbd7 8. c5 Re8 9. Qc2 h6 10. h3 Bf8 11. b4 e5 12. dxe5 Nxe5 13. Nxe5 Rxe5 14. Bf4 Re8 15. Rad1 g5 16. Bc1 Qe7 17. Rfe1 a5 18. a3 axb4 19. axb4 Be6 20. e4 dxe4 21. Nxe4 Nxe4 22. Qxe4 f5 23. Qe3 Qf7 24. Bb2 Bg7 25. Qc1 Bb3 26. Rxe8+ Rxe8 27. Rd6 Re2 28. Bxg7 Qxg7 29. Bf3 Re7 30. Qb1 Qf7 31. Rxh6 Re6 32. Rxe6 Qxe6 33. g4 fxg4 34. Bxg4 Qd5 35. Qg6+ Kf8 36. Qf5+ Qxf5 37. Bxf5 Bc4 38. Bc8 Ba6 39. Kg2 Kg7 40. Kg3 Kf6 41. f4 gxf4+ 42. Kxf4 Kg6 43. Ke5 1-0

[Event "HUN-chT2 Charousek 0708"]
[Site "Hungary"]
[Date "2008.03.02"]
[Round "7"]
[White "Ter, Marcell"]
[Black "Papp, Nandor"]
[Result "0-1"]
[WhiteElo "2068"]
[BlackElo "2143"]
[PlyCount "82"]
[EventDate "2007.10.14"]
[EventType "team"]
[EventRounds "11"]
[EventCountry "HUN"]
[SourceTitle "EXT 2009"]
[Source "ChessBase"]
[SourceDate "2008.11.26"]
[SourceVersion "1"]
[SourceVersionDate "2008.11.26"]
[SourceQuality "1"]
[WhiteTeam "Csuti II"]
[BlackTeam "Nagykanizsa II"]
[WhiteTeamCountry "HUN"]
[BlackTeamCountry "HUN"]

1. e4 Nf6 2. e5 Nd5 3. c4 Nb6 4. d4 d6 5. exd6 exd6 6. h3 Nc6 7. Nf3 Bf5 8. Bd3 Bxd3 9. Qxd3 Be7 10. 0-0 0-0 11. a3 Bf6 12. Nbd2 d5 13. c5 Nc4 14. b3 Nxd2 15. Bxd2 Qd7 16. b4 Ne7 17. Bg5 Bxg5 18. Nxg5 Qf5 19. Qd2 Ng6 20. Rae1 h6 21. Nf3 Rfe8 22. Re3 Re4 23. Rxe4 dxe4 24. Ne1 Rd8 25. Qe3 Qd5 26. Nc2 f5 27. Qg3 Qf7 28. f4 Ne7 29. Qf2 Qb3 30. Re1 Nd5 31. Kh2 Qd3 32. g3 Re8 33. Ne3 Nxe3 34. Qxe3 Qxe3 35. Rxe3 Rd8 36. g4 g6 37. gxf5 gxf5 38. Kg2 Rxd4 39. Kf2 Rd2+ 40. Kg3 Kf7 41. Kh4 Rd3 0-1

[Event "HUN-chT2 Charousek 0708"]
[Site "Hungary"]
[Date "2007.12.16"]
[Round "5"]
[White "Papp, Nandor"]
[Black "Neber, Akos"]
[Result "1-0"]
[WhiteElo "2143"]
[BlackElo "2191"]
[PlyCount "69"]
[EventDate "2007.10.14"]
[EventType "team"]
[EventRounds "11"]
[EventCountry "HUN"]
[SourceTitle "EXT 2009"]
[Source "ChessBase"]
[SourceDate "2008.11.26"]
[SourceVersion "1"]
[SourceVersionDate "2008.11.26"]
[SourceQuality "1"]
[WhiteTeam "Nagykanizsa II"]
[BlackTeam "Szenna Pack"]
[WhiteTeamCountry "HUN"]
[BlackTeamCountry "HUN"]

1. c4 e5 2. g3 Nc6 3. Bg2 g6 4. Nc3 Bg7 5. e3 d6 6. Nge2 f5 7. d3 Nf6 8. 0-0 0-0 9. a3 a5 10. Rb1 Ne7 11. b4 axb4 12. axb4 c6 13. Qc2 d5 14. c5 Be6 15. d4 e4 16. b5 g5 17. Bd2 h5 18. Ra1 Bh6 19. h3 h4 20. Ra2 Nh5 21. Rfa1 Rxa2 22. Qxa2 hxg3 23. fxg3 Qb8 24. bxc6 bxc6 25. Be1 Ng6 26. Qa6 Bd7 27. Nxd5 Qe8 28. Nb6 f4 29. Nxd7 Qxd7 30. Bxe4 Qxh3 31. Qxc6 Rf6 32. Ra8+ Nf8 33. Qd5+ Kh8 34. exf4 gxf4 35. Bg2 1-0

[Event "HUN-chT2 Charousek 0708"]
[Site "Hungary"]
[Date "2007.11.11"]
[Round "2"]
[White "Haag, Ervin"]
[Black "Papp, Nandor"]
[Result "1/2-1/2"]
[WhiteElo "2285"]
[BlackElo "2143"]
[PlyCount "35"]
[EventDate "2007.10.14"]
[EventType "team"]
[EventRounds "11"]
[EventCountry "HUN"]
[SourceTitle "EXT 2009"]
[Source "ChessBase"]
[SourceDate "2008.11.26"]
[SourceVersion "1"]
[SourceVersionDate "2008.11.26"]
[SourceQuality "1"]
[WhiteTeam "Taban Spartacus"]
[BlackTeam "Nagykanizsa II"]
[WhiteTeamCountry "HUN"]
[BlackTeamCountry "HUN"]

1. c4 e5 2. g3 Nf6 3. Bg2 d5 4. cxd5 Nxd5 5. Qa4+ c6 6. Nf3 f6 7. 0-0 Be6 8. Nc3 Be7 9. d4 Nd7 10. Rd1 Nxc3 11. bxc3 e4 12. Ne1 f5 13. f3 exf3 14. Bxf3 0-0 15. Qc2 Nb6 16. Nd3 Bd5 17. Nf4 Bxf3 18. exf3 1/2-1/2